LEADER 01114nam a2200289 u 4500 001 000000078810 003 CaOOAMICUS 005 20070226123454.0 008 040517s1992 it u000 u ita u 035 $a10995350 040 $aPUL(R)$bita 041 1 $aita$heng 100 1 $aMoore, George Edward,$d1873-1958.$0(OLS)http://pul/name/11068 240 10$aEthics.$lItaliano.$0(OLS)http://pul/title/78474 245 10$aEtica /$cG. E. Moore ; edizione italiana a cura di Maria Vittoria Predaval Magrini. 250 $a2a. ed. 260 $aMilano :$bFranco Angeli,$c1992. 300 $a144 p. ;$c21 cm 490 1 $aCollana di filosofia 504 $aBibliografia in nota. 650 4$aEtica$xSaggi critici.$0(OLS)http://pul/subject/27424 830 0$aFilosofia (F. Angeli).$0(OLS)http://pul/title/40589 850 $aPUL 852 $aPUL$W1$xSL Religione 1$y3$m37 E 29$j101000$nBK-PRI$b $qStampati$B101000$CPULBib$Z2$F101000 $HPUL87413 $81 941 1 $a8 996 $6245$aEtica$9(OLS)http://pul/title/19930 996 $6260$aMilano :$bFranco Angeli$9(OLS)http://pul/publisher/52903 LEADER 01253nam a2200301 u 4500 001 000000080812 003 CaOOAMICUS 005 20070226123704.0 008 050224s2004 it u000 u ita u 020 $a88-02-06240-4 035 $a11030197 040 $aPUL$bita$dMSA 100 1 $aBussani, Mauro.$0(OLS)http://pul/name/53908 245 10$aContratti moderni factoring franchising leasing /$cMauro Bussani. 260 $aTorino :$bUTET,$c2004. 300 $axii, 407 p. ;$c25 cm 490 1 $aTrattato di diritto civile. I singoli contratti ;$v4 500 $aContiene indici. 504 $aBibliografia in nota. 650 4$aContratti.$0(OLS)http://pul/subject/3380 830 0$aTrattato di diritto civile (UTET).$pI singoli contratti ;$v4.$0(OLS)http://pul/title/105797 850 $aPUL 852 $aPUL$W1$xSL Diritto e Scienze Sociali 3$y79$m346. 45 SACRO 1.7,4$j120276$nBK-PRI$qDDC 21$B103176$CPULBib$Z2$F103176 $H97144 $82 941 1 $a9 960 $aDiritto contrattuale$93380 996 $6020$a88-02-06240-4$9(OLS)http://pul/number/107021 996 $6245$aContratti moderni factoring franchising leasing$9(OLS)http://pul/title/105796 996 $6260$aTorino :$bUTET$9(OLS)http://pul/publisher/48088